00466nam a2200181 a 450000100060000000300090000600800410001502000150005604000280007108200090009910000200010824500360012826000460016430000110021049000250022165000160024665000220026217486CO-ViMGA141112s2004 ck r 000 u spa d a8477226113 aCO-ViMGAbspacCO-ViMGA04aMISv1 aBalanya, Ismael10aEl misterio del velero fantasma aBarcelona (España), cTimun Mas, c1991 a119.p. aResuelve el misterio14aADIVINANZAS14aJUEGOS INFANTILES